书目信息 |
| 题名: |
说话写文章的逻辑
|
|
| 作者: | 张兆梅 , 张帆 , 王方名 著 | |
| 分册: | ||
| 出版信息: | 北京 教育科学出版社 1980.10 |
|
| 页数: | 243页 | |
| 开本: | 19cm | |
| 丛书名: | ||
| 单 册: | ||
| 中图分类: | H0-05 | |
| 科图分类: | ||
| 主题词: | 语言学 | |
| 电子资源: | ||
| ISBN: | ||
| 000 | 00609nam0 2200217 45 | |
| 001 | 0303201023 | |
| 005 | 20060726150102.96 | |
| 010 | @dCNY0.77 | |
| 091 | @a9232.4 | |
| 100 | @a20030320d1980 km y0chiy0120 ea | |
| 101 | 0 | @achi |
| 200 | 1 | @a说话写文章的逻辑@AShuo Hua Xie Wen Zhang De Luo Ji@f王方名,张兆梅,张帆著@FWang Fang Ming,Zhang Zhao Mei,Zhang Fan Zhu |
| 210 | @a北京@c教育科学出版社@d1980.10 | |
| 215 | @a243页@d19cm | |
| 606 | 0 | @a语言学 |
| 690 | @aH0-05@v3 | |
| 701 | 0 | @a张兆梅@4著 |
| 701 | 0 | @a张帆@4著 |
| 701 | 0 | @a王方名@4著 |
| 801 | @aCN@bTSTC@c20060726 | |
| 905 | @dH0-05@e11@f1@b40642 | |
| 说话写文章的逻辑/王方名,张兆梅,张帆著.-北京:教育科学出版社,1980.10 |
| 243页;19cm |
| ISBN :CNY0.77 |
| ● |
| 相关链接 |
|
|
|
|
正题名:说话写文章的逻辑
索取号:H0-05/11
 
预约/预借
| 序号 | 登录号 | 条形码 | 馆藏地/架位号 | 状态 | 备注 |
| 1 | 0040638 | 000816460 | 第四借阅区/ [索取号:H0-05/11] | 在馆 | |
| 2 | 0040639 | 000816433 | 密集书库/ [索取号:H0-05/11] | 在馆 | |
| 3 | 0040642 | 001779409 | 密集书库/ [索取号:H0-05/11] | 在馆 | |
| 4 | 0040643 | 001859965 | 密集书库/ [索取号:H0-05/11] | 在馆 | |
| 5 | 0040644 | 001859929 | 密集书库/ [索取号:H0-05/11] | 在馆 | |
| 6 | 0040645 | 000816442 | 密集书库/ [索取号:H0-05/11] | 在馆 | |
| 7 | 0040646 | 001767911 | 密集书库/ [索取号:H0-05/11] | 在馆 | |
| 8 | 0040647 | 000816451 | 第二样本阅览室/ [索取号:H0-05/11] | 在馆 | |
| 9 | 0436450 | 204364507 | 密集书库/ [索取号:H0-05/11] | 在馆 |